| 000 | 00803nam a22002177a 4500 | ||
|---|---|---|---|
| 005 | 20140218120240.0 | ||
| 010 | _aENG-108524 | ||
| 020 |
_a9788186307588 _c450.00 |
||
| 035 | _aEN-92057 | ||
| 037 | _bDBAD/PUB | ||
| 082 | _a792.0954162 | ||
| 100 | _aMohanty, Bharat Bhusan | ||
| 245 |
_aFolk theatre beyond boundaries : _cby Bharat Bhusan Mohanty _ba study of Kushan gan (western Assam) and Prahalad natak (south Odisha) / |
||
| 260 |
_aGuwahati _bDVS Publishers _c2012 |
||
| 270 |
_aH.B. Road Panbazar _bGuwahati _e781001 _k2638295 _l0361-2511789 _mdvspub@gmail.com |
||
| 300 |
_a169p. : _c22cm (Hb) _bill. |
||
| 500 | _aIncludes bibliographical references (p. [119]-123) and index. | ||
| 650 |
_a Theater _zIndia |
||
| 650 | _z Assam. | ||
| 942 |
_2ddc _cEN _mMOH _h792.0954162 |
||
| 999 |
_c79304 _d79304 |
||